=LDR 00000nam 2200000 4500 =001 000622 =005 20250711113902 =035 ##$$a 0010-0725000490 =007 ta =008 250711################a##########0#ind## =020 ##$$a 978-623-472-357-1 =082 ##$$a 398.209 598 =084 ##$$a 398.209 598 NIL w =100 #$$a Nillekani Rohini =245 1#$$a Waktu Mandi Untuk Chunnu dan Munnu /$c Rohini Nilekanni =250 ##$$a Cetakan Pertama 2024 =260 ##$$a Jakarta :$b Badan Pengembangan dan Pembinaan Bahasa,$c 2022 =300 ##$$a 20 hlm : $b Ilus. ; $c 22,9 cm =650 #4$$a Cerita Anak Indonesia - Terjemahan =650 #4$$a Literasi- Bahan Bacaan =990 ##$$a TBM03870387 =990 ##$$a TBM03880388